[Event "33. Senioren LEM Sachsen-Anhalt 65+"]
[Site "Maritim-Hotel Magdeburg"]
[Date "2025.07.10"]
[Round "4.53"]
[White "Geibel, Henning"]
[Black "Briesemeister, Klaus"]
[Result "0-1"]
[WhiteElo "1571"]
[BlackElo "1640"]
[PlyCount "44"]
[EventDate "2025.07.07"]
[WhiteTeam "Ahrensburger TSV"]
[BlackTeam "SV Lingen"]

1. e4 d5 2. e5 c5 3. Nf3 Nc6 4. d4 cxd4 5. Bb5 Qa5+ 6. c3 Qxb5 7. Nxd4 Nxd4 8.
Qxd4 e6 9. b4 Qb6 10. Qf4 Ne7 11. O-O Ng6 12. Qg3 d4 13. Bd2 Bd7 14. Na3 Rc8
15. Rfe1 Be7 16. Re4 dxc3 17. Bxc3 O-O 18. Rd1 Ba4 19. Rb1 Rfd8 20. h3 Bb5 21.
Nxb5 Qxb5 22. a3 Rd3 0-1

[Event "33. Senioren LEM Sachsen-Anhalt 65+"]
[Site "Maritim-Hotel Magdeburg"]
[Date "2025.07.10"]
[Round "4.54"]
[White "Gaul, Karl-Heinz"]
[Black "Schiefer, Joerg"]
[Result "1/2-1/2"]
[WhiteElo "1588"]
[BlackElo "1637"]
[PlyCount "64"]
[EventDate "2025.07.07"]
[WhiteTeam "SC Schwarz-Weiss Lichtenrade"]
[BlackTeam "USC Magdeburg"]

1. Nf3 Nf6 2. c4 g6 3. d4 d5 4. Nc3 Bg7 5. Bf4 a6 6. Be5 O-O 7. Bxf6 exf6 8.
Nxd5 Be6 9. Qb3 Bxd5 10. cxd5 b5 11. e4 Bh6 12. Bd3 c6 13. dxc6 Qa5+ 14. Qc3
Nxc6 15. O-O Qxc3 16. bxc3 Rac8 17. c4 bxc4 18. Bxc4 Nxd4 19. Bxa6 Nxf3+ 20.
gxf3 Ra8 21. Bc4 Ra5 22. Bd5 Rc8 23. Rab1 Rc2 24. Rb7 Rxd5 25. Rb8+ Kg7 26.
exd5 Rxa2 27. Rd1 Ra7 28. Rb4 f5 29. h4 Kf6 30. Rb8 Bf4 31. Re8 Re7 32. Rc8 Rd7
1/2-1/2

[Event "33. Senioren LEM Sachsen-Anhalt 65+"]
[Site "Maritim-Hotel Magdeburg"]
[Date "2025.07.10"]
[Round "4.55"]
[White "Scholder, Helmut"]
[Black "Rosenkranz, Richard"]
[Result "1/2-1/2"]
[WhiteElo "1614"]
[BlackElo "1592"]
[PlyCount "122"]
[EventDate "2025.07.07"]
[WhiteTeam "Schachklub Minden 08"]
[BlackTeam "Haldensleber Sportclub"]

1. e4 e5 2. Nf3 Nc6 3. Bc4 d6 4. c3 Bg4 5. h3 Bxf3 6. Qxf3 Qf6 7. Qg3 O-O-O 8.
d3 Qg6 9. Qf3 Nh6 10. Bxh6 Qxh6 11. Bxf7 Qc1+ 12. Qd1 Qxd1+ 13. Kxd1 g6 14.
Be6+ Kb8 15. Bd5 Ne7 16. Bb3 Bh6 17. Kc2 Rhf8 18. f3 c6 19. c4 b5 20. a4 bxc4
21. dxc4 c5 22. Nc3 Nc6 23. Kb1 Nd4 24. Bd1 Bd2 25. a5 Ka8 26. Nd5 a6 27. b3
Rb8 28. Nb6+ Ka7 29. Kb2 Rf7 30. Nd5 Rfb7 31. Ra3 Bb4 32. Nxb4 Rxb4 33. Bc2 Ne2
34. Rd1 Nd4 35. Rd3 h5 36. g3 g5 37. g4 h4 38. Bd1 Rd8 39. Kc3 Ne6 40. Ra4 Rb7
41. b4 Nf4 42. Rd2 cxb4+ 43. Rxb4 Rc7 44. Rb6 Rcd7 45. Ba4 Rc7 46. Rbxd6 Rdc8
47. Bb3 Nxh3 48. Rd7 Rxd7 49. Rxd7+ Kb8 50. Re7 Nf2 51. Rxe5 Rf8 52. Rxg5 Rxf3+
53. Kb2 Nxe4 54. Rg6 h3 55. c5 h2 56. Rh6 Rf2+ 57. Ka3 Ng3 58. Bd5 Rd2 59. Rh8+
Kc7 60. Rh7+ Kd8 61. Rh8+ Kc7 1/2-1/2